Villes présentes en Top 14 sur une carte. - Statistiques

Statistiques générales
  • Ce quiz a été pris 2 490 fois
    721 depuis la dernière actualisation
  • Le résultat moyen est 12 sur 14
Réponses sur la Carte
Les réponses sont colorées sur une échelle allant du rouge au vert en fonction du pourcentage des utilisateurs qui les ont devinées à leur premier essai. Vous pouvez retrouver ces pourcentages ci-dessous.
 
Statistiques - réponses
Ville % Correct
Bordeaux
98%
Toulouse
97%
Lyon
94%
La Rochelle
92%
Toulon
92%
Paris
91%
Clermont
90%
Montpellier
90%
Perpignan
90%
Pau
88%
Bayonne
87%
Vannes
84%
Castres
73%
Nanterre
51%
Aucun quiz correspondant
Distribution des résultats
% des personnes avec chaque résultat
Percentile par nombre de réponses
Votre historique - résultats
Vous n’avez pas pris ce quiz depuis la dernière actualisation